ISHA & Limsa D'aulnay - Bitume Caviar Vol. 01 - Statistiques

Statistiques générales
  • Ce quiz a été pris 34 fois
  • Le résultat moyen est 9 sur 15
Statistiques - réponses
Track Titre % Correct
5 Le plan A
97%
6 Le plan B
97%
10 Flûtes recyclables (Ft. Caballero & JeanJass)
77%
1 Clio 4
73%
2 Le chant des cigales
73%
4 Lotissement
70%
8 Jimmy Fallon
67%
1 But en or (Bonus Track)
63%
3 Inna di Club
63%
9 À mes yeux
53%
4 CR600 (Bonus Track)
53%
3 Dans la tête (Bonus Track)
50%
11 SRSD
50%
7 Tard le soir
30%
2 Je viens de là (Bonus Track)
23%
Aucun quiz correspondant
Distribution des résultats
% des personnes avec chaque résultat
Percentile par nombre de réponses
Votre historique - résultats
Vous n’avez pas pris ce quiz